| 000 -LEADER |
| fixed length control field |
01777cam a22003854a 4500 |
| 001 - CONTROL NUMBER |
| control field |
14232470 |
| 005 - DATE AND TIME OF LATEST TRANSACTION |
| control field |
20170105102921.0 |
| 008 - FIXED-LENGTH DATA ELEMENTS--GENERAL INFORMATION |
| fixed length control field |
060117s2006 nyu b 001 0 eng |
| 010 ## - LIBRARY OF CONGRESS CONTROL NUMBER |
| LC control number |
2006041590 |
| 020 ## - INTERNATIONAL STANDARD BOOK NUMBER |
| International Standard Book Number |
9780230116771 |
| 040 ## - CATALOGING SOURCE |
| Original cataloging agency |
DLC |
| Transcribing agency |
DLC |
| Modifying agency |
DLC |
| 042 ## - AUTHENTICATION CODE |
| Authentication code |
pcc |
| 043 ## - GEOGRAPHIC AREA CODE |
| Geographic area code |
a-vt--- |
| -- |
n-us--- |
| -- |
e-ur--- |
| 050 00 - LIBRARY OF CONGRESS CALL NUMBER |
| Classification number |
DS559.46 |
| Item number |
.R68 2006 |
| 082 00 - DEWEY DECIMAL CLASSIFICATION NUMBER |
| Classification number |
070.4/333 |
| Edition number |
22 |
| 100 1# - MAIN ENTRY--PERSONAL NAME |
| Personal name |
Roselle, Laura. |
| 245 10 - TITLE STATEMENT |
| Title |
Media and the politics of failure : |
| Remainder of title |
great powers, communication strategies, and military defeats / |
| Statement of responsibility, etc. |
Laura Roselle. |
| 260 ## - PUBLICATION, DISTRIBUTION, ETC. |
| Place of publication, distribution, etc. |
New York : |
| Name of publisher, distributor, etc. |
Palgrave Macmillan, |
| Date of publication, distribution, etc. |
2006. |
| 300 ## - PHYSICAL DESCRIPTION |
| Extent |
196 p. ; |
| Dimensions |
21 cm. |
| 440 #0 - SERIES STATEMENT/ADDED ENTRY--TITLE |
| Title |
Palgrave series in international political communication |
| 504 ## - BIBLIOGRAPHY, ETC. NOTE |
| Bibliography, etc. note |
Includes bibliographical references (p. [173]-181) and index. |
| 650 #0 - SUBJECT ADDED ENTRY--TOPICAL TERM |
| Topical term or geographic name entry element |
Vietnam War, 1961-1975 |
| General subdivision |
Mass media and the war. |
| 650 #0 - SUBJECT ADDED ENTRY--TOPICAL TERM |
| Topical term or geographic name entry element |
Mass media |
| Geographic subdivision |
United States. |
| 650 #0 - SUBJECT ADDED ENTRY--TOPICAL TERM |
| Topical term or geographic name entry element |
Communication in politics |
| Geographic subdivision |
United States. |
| 650 #0 - SUBJECT ADDED ENTRY--TOPICAL TERM |
| Topical term or geographic name entry element |
Mass media |
| Geographic subdivision |
Soviet Union. |
| 650 #0 - SUBJECT ADDED ENTRY--TOPICAL TERM |
| Topical term or geographic name entry element |
Communication in politics |
| Geographic subdivision |
Soviet Union. |
| 650 #0 - SUBJECT ADDED ENTRY--TOPICAL TERM |
| Topical term or geographic name entry element |
War in mass media. |
| 651 #0 - SUBJECT ADDED ENTRY--GEOGRAPHIC NAME |
| Geographic name |
Afghanistan |
| General subdivision |
History |
| Chronological subdivision |
Soviet occupation, 1979-1989 |
| General subdivision |
Mass media and the war. |
| 856 42 - ELECTRONIC LOCATION AND ACCESS |
| Materials specified |
Contributor biographical information |
| Uniform Resource Identifier |
<a href="http://www.loc.gov/catdir/enhancements/fy0659/2006041590-b.html">http://www.loc.gov/catdir/enhancements/fy0659/2006041590-b.html</a> |
| 856 42 - ELECTRONIC LOCATION AND ACCESS |
| Materials specified |
Publisher description |
| Uniform Resource Identifier |
<a href="http://www.loc.gov/catdir/enhancements/fy0659/2006041590-d.html">http://www.loc.gov/catdir/enhancements/fy0659/2006041590-d.html</a> |
| 856 41 - ELECTRONIC LOCATION AND ACCESS |
| Materials specified |
Table of contents |
| Uniform Resource Identifier |
<a href="http://www.loc.gov/catdir/enhancements/fy0659/2006041590-t.html">http://www.loc.gov/catdir/enhancements/fy0659/2006041590-t.html</a> |
| 906 ## - LOCAL DATA ELEMENT F, LDF (RLIN) |
| a |
7 |
| b |
cbc |
| c |
orignew |
| d |
1 |
| e |
ocip |
| f |
20 |
| g |
y-gencatlg |
| 942 ## - ADDED ENTRY ELEMENTS (KOHA) |
| Source of classification or shelving scheme |
|
| Koha item type |
Book |